|
|
|
|
| LEADER |
02084nam a2200601 i 4500 |
| 001 |
nkc20243633393 |
| 003 |
CZ PrNK |
| 005 |
20251104095746.0 |
| 007 |
ta |
| 008 |
240925s2024 xr a f 000 0 cze |
| 015 |
|
|
|a cnb003633393
|
| 020 |
|
|
|a 978-80-7403-315-5
|q (brožováno)
|
| 035 |
|
|
|a (OCoLC)1498301580
|
| 040 |
|
|
|a OLA001
|b cze
|e rda
|
| 041 |
0 |
|
|a cze
|b cze
|b eng
|
| 072 |
|
7 |
|a 636
|x Chov zvířat. Živočišná výroba
|2 Konspekt
|9 24
|
| 080 |
|
|
|a 636.52/.58.034
|2 MRF
|
| 080 |
|
|
|a 633.2/.3
|2 MRF
|
| 080 |
|
|
|a 636.084
|2 MRF
|
| 080 |
|
|
|a 636.085-021.465
|2 MRF
|
| 080 |
|
|
|a 636.085.7
|2 MRF
|
| 080 |
|
|
|a 636.085.52-027.3
|2 MRF
|
| 080 |
|
|
|a (048.8)
|2 MRF
|
| 100 |
1 |
|
|a Lichovníková, Martina
|7 jx20071213039
|4 aut
|
| 245 |
1 |
0 |
|a Pícniny ve výživně nosnic /
|c Martina Lichovníková
|
| 264 |
|
1 |
|a Praha :
|b Výzkumný ústav živočišné výroby, v.v.i.,
|c 2024
|
| 300 |
|
|
|a 30 stran :
|b barevné ilustrace ;
|c 30 cm
|
| 336 |
|
|
|a text
|b txt
|2 rdacontent
|
| 337 |
|
|
|a bez média
|b n
|2 rdamedia
|
| 338 |
|
|
|a svazek
|b nc
|2 rdacarrier
|
| 500 |
|
|
|a Nad názvem: Vědecký výbor výživy zvířat
|
| 504 |
|
|
|a Obsahuje bibliografii
|
| 546 |
|
|
|a České a anglické resumé
|
| 650 |
0 |
7 |
|a nosné slepice
|7 ph115460
|2 czenas
|
| 650 |
0 |
7 |
|a pícniny
|7 ph115973
|2 czenas
|
| 650 |
0 |
7 |
|a krmení hospodářských zvířat
|7 ph134862
|2 czenas
|
| 650 |
0 |
7 |
|a kvalita krmiv
|7 ph223715
|2 czenas
|
| 650 |
0 |
7 |
|a konzervace krmiv
|7 ph121827
|2 czenas
|
| 650 |
0 |
7 |
|a silážování
|7 ph125542
|2 czenas
|
| 650 |
0 |
9 |
|a egg-laying hens
|2 eczenas
|
| 650 |
0 |
9 |
|a fodder crops
|2 eczenas
|
| 650 |
0 |
9 |
|a livestock feeding
|2 eczenas
|
| 650 |
0 |
9 |
|a feeds quality
|2 eczenas
|
| 650 |
0 |
9 |
|a feed conservation
|2 eczenas
|
| 650 |
0 |
9 |
|a ensiling
|2 eczenas
|
| 655 |
|
7 |
|a studie
|7 fd133597
|2 czenas
|
| 655 |
|
9 |
|a studies
|2 eczenas
|
| 710 |
2 |
|
|a Vědecký výbor výživy zvířat
|7 uzp2010609415
|4 res
|
| 910 |
2 |
|
|a BOA001
|b 4-1536.410
|
| 990 |
|
|
|a BK
|
| 995 |
|
|
|a 01
|
| 991 |
|
|
|b 202411
|c NOV
|
| 996 |
6 |
|
|b 2610987123
|c 4-1536.410
|l MZK
|r Sklad / do 1 hodiny
|n 0
|p p.v.
|w 001984964
|u 000010
|a 1
|e BOA001
|j MZK50
|s P
|